Bàn về lịch vạn niên
Sách giới thiệu khái quát về các nguyên tắc sắp xếp của Lịch vạn niên và các phương pháp tra bảng, phương pháp gia giảm khi sử dụng cuốn lịch này.
Đã lưu trong:
| 主要作者: | |
|---|---|
| 格式: | 图书 |
| 语言: | Undetermined |
| 出版: |
Hà Nội
Văn hóa dân tộc
1997
|
| 主题: | |
| 标签: |
添加标签
没有标签, 成为第一个标记此记录!
|
| Thư viện lưu trữ: | Trung tâm Học liệu Trường Đại học Cần Thơ |
|---|
| LEADER | 00787nam a2200205Ia 4500 | ||
|---|---|---|---|
| 001 | CTU_22918 | ||
| 008 | 210402s9999 xx 000 0 und d | ||
| 020 | |b 24.000đ | ||
| 082 | |a 529.3 | ||
| 082 | |b V307 | ||
| 100 | |a Tân Việt | ||
| 245 | 0 | |a Bàn về lịch vạn niên | |
| 245 | 0 | |c Tân Việt, Thiếu Phong | |
| 260 | |a Hà Nội | ||
| 260 | |b Văn hóa dân tộc | ||
| 260 | |c 1997 | ||
| 520 | |a Sách giới thiệu khái quát về các nguyên tắc sắp xếp của Lịch vạn niên và các phương pháp tra bảng, phương pháp gia giảm khi sử dụng cuốn lịch này. | ||
| 650 | |a calendar | ||
| 904 | |i Nguyễn Quang Điền, 980706 | ||
| 980 | |a Trung tâm Học liệu Trường Đại học Cần Thơ | ||